00584nam a22001577a 4500008004100000020001500041082001700056100002200073245008300095260003600178300002900214505010800243650003200351655002300383700002000406140829b xxu||||| |||| 00| 0 eng d a2865890562 a735.23bK91p aKrauss, Roselind  aPassages bUne historie de la sculpture de Rodin á SmithsoncRosalind Krauss aParísbEditions Macula c1997 a310 p bill. colc23 cm  tPassages Une historie de la sculpture de Rodin á Smithson,Rosalind Krauss. Geralidades. Monografias.  aEscultura modernaxSiglo XX aHistoria del arte  aRosalind Krauss